00699nam a2200157 a 450000100100000000500170001000800410002704000250006808200160009311001120010924000190022124500730024024601440031326000640045730000200052100001579320200929164144.0100218s1972 dr r 000 0 spa d aDO-SdBNPbspacBNPHU axxxxbR426l1 aRepública DominicanabSecretaría de Estado de FinanzasbDirección General de Impuestos Sobre la Renta10a[ leyes. etc.]10aLey de impuestos sobre la renta :breglamentos para su aplicación.10aLey 5911 de impuesto sobre la renta y sus modificaciones :breglamentos para su aplicación y resolución no. 1 de la dirección general aSanto Domingo :bSecretaría de Estado de Finanzas,c1972. a[132] ;c30 cm.